| 000 | 01232nam0a22003131 4500 | ||
|---|---|---|---|
| 001 | v19\rc\1540594 | ||
| 005 | 20250618181410.0 | ||
| 035 | _a(NLR Aleph) 004658583 | ||
| 090 |
_a3519198 _c3519198 |
||
| 100 | _a20060620e18891889|||y0rusy50 ca | ||
| 101 | 0 | _arus | |
| 102 | _aRU | ||
| 105 | _ay z |||e| | ||
| 200 | 1 |
_aЕще нечто о трахоме _e(По поводу открытого письма д-ра Э. Мандельштама) _f[Соч.] Проф. Е. Адамюка |
|
| 210 |
_a[Киев] _cтипо-лит. т-ва И.Н. Кушнерев и К° _dценз. 1889 |
||
| 215 |
_a13 с. _d22 |
||
| 309 | _aБез тит. л. и обл. | ||
| 311 | _aОтт. из "Вестн. офтальмологии". Март-апр. 1889 | ||
| 488 | 0 |
_12001#$aВестник офтальмологии$v1889, март-апр. _tВестник офтальмологии |
|
| 700 | 1 |
_aАдамюк _bЕ.В. _f1839-1906 _gЕмельян Валентинович |
|
| 702 | 1 |
_aМандельштам _bЭ. _4570 |
|
| 801 | 0 |
_aRU _bNLR _gpsbo |
|
| 801 | 0 |
_aRU _bRuMoRGB _2psbo |
|
| 801 | 1 |
_aRU _bProSoft-M _2rusmarc |
|
| 852 |
_aNLR _j18.276.2.401 |
||
| 899 |
_aRuMoRGB _jO 53/1439 |
||
| 899 | _aБАН | ||
| 942 | _cBOOK | ||
| 980 | _aNB | ||